UM Logo

Introduction to fire protection / (Record no. 7950)

MARC details
000 -LEADER
fixed length control field 00509nam a2200157 4500
008 - FIXED-LENGTH DATA ELEMENTS--GENERAL INFORMATION
fixed length control field 171207b xxu||||| |||| 00| 0 eng d
020 ## - INTERNATIONAL STANDARD BOOK NUMBER
International Standard Book Number 978082737258
082 ## - DEWEY DECIMAL CLASSIFICATION NUMBER
Edition number 1997
Classification number DC 363.37
Item number K68i
100 ## - MAIN ENTRY--PERSONAL NAME
9 (RLIN) 24441
Personal name Klinoff, Robert W., author.
245 ## - TITLE STATEMENT
Title Introduction to fire protection /
Statement of responsibility, etc. Robert W. Klinoff.
260 ## - PUBLICATION, DISTRIBUTION, ETC. (IMPRINT)
Place of publication, distribution, etc. Albany, N.Y. :
Name of publisher, distributor, etc. Delmar Publishers,
Date of publication, distribution, etc. ©1997
300 ## - PHYSICAL DESCRIPTION
Extent xiii, 465 pages:
Other physical details illustration ;
Dimensions 24 cm.
500 ## - GENERAL NOTE
General note Includes index.
650 #0 - SUBJECT ADDED ENTRY--TOPICAL TERM
9 (RLIN) 24444
Topical term or geographic name as entry element Fire prevention
942 ## - ADDED ENTRY ELEMENTS (KOHA)
Source of classification or shelving scheme Dewey Decimal Classification
Koha item type Circulation
Holdings
Withdrawn status Lost status Source of classification or shelving scheme Damaged status Not for loan Collection code Home library Current library Date acquired Source of acquisition Total Checkouts Full call number Barcode Date last seen Copy number Price effective from Koha item type
    Dewey Decimal Classification     Circulation UM Digos College - LIC UM Digos College - LIC 09/12/2000 Photocopied   DC 363.37 K68i 1997 19626 06/08/2021   12/07/2017 Circulation